The waterfall's secret

Bibliographic Details
Main Author: Khaldun
Format: Book
Published: P.Jaya : Pan Earth , 1995
Series:The teenage adventure series
Subjects:

MARC

LEADER 00000cam a2200000 7i4500
001 0000006205
002 000006696
005 20000330.0
020 |a 9837503009 
090 0 0 |a JF   |b KHA 
100 0 |a Khaldun 
245 1 4 |a The waterfall's secret   |c Khaldun 
260 |a P.Jaya :   |b Pan Earth ,   |c 1995 
300 |a 89p. :   |b ill. ;   |c 18cm. 
490 0 |a The teenage adventure series 
650 0 0 |a Children's stories 
999 |a 038607   |b BUKU   |c JUNIOR FICTION   |e PERPUSTAKAAN KOMUNITI PETALING JAYA